Las migraciones internas de los latinoamericanos en España: del boom a la crisis económica /
El primer objetivo del artículo es analizar la intensidad y las direcciones predominantes de las migraciones internas de la población de nacionalidad extranjera en España, tanto de larga distancia (interprovinciales) como de corto radio (intraprovinciales, especial atención en los flujos de suburban...
Guardat en:
| Autor principal: | |
|---|---|
| Altres autors: | , |
| Format: | Text |
| Matèries: | |
| Etiquetes: |
Afegir etiqueta
Sense etiquetes, Sigues el primer a etiquetar aquest registre!
|
MARC
| LEADER | 00000 a a2200000 04500 | ||
|---|---|---|---|
| 001 | 44258 | ||
| 003 | |||
| 040 | |||
| 100 | |a Gil Alonso, Fernando | ||
| 245 | |a Las migraciones internas de los latinoamericanos en España: |b del boom a la crisis económica / |c Fernando Gil Alonso, Daniela Vono de Vilhena ; Jordi Bayona-i-Carrasco | ||
| 500 | |a jordibayona@ub.edu |a daniela.vono-de-vilhena@uni-bamberg.de | ||
| 520 | |a El primer objetivo del artículo es analizar la intensidad y las direcciones predominantes de las migraciones internas de la población de nacionalidad extranjera en España, tanto de larga distancia (interprovinciales) como de corto radio (intraprovinciales, especial atención en los flujos de suburbanización en Madrid y Barcelona). El segundo objetivo es conocer el impacto de la crisis económica sobre dichas migraciones. Para ello se usaron los datos de la Estadística de Variaciones Residenciales. | ||
| 590 | |a RRH/MAYO2013 | ||
| 650 | |a 1.MIGRACION | ||
| 650 | |a 2.CRISIS ECONOMICA | ||
| 650 | |a 3.POBLACION | ||
| 650 | |a 4.DISTRIBUCION POR EDAD Y SEXO | ||
| 650 | |a 5.AMERICA LATINA | ||
| 650 | |a 6.ESPAÑA | ||
| 700 | |a Bayona-i-Carrasco, Jordi | ||
| 700 | |a Vono de Vilhena, Daniela | ||
| 773 | |g volumen18, número71 ( , 2012), páginas 9-50 : tablas, gráficos | ||
| 999 | |c 29570 |d 29570 | ||
